| 000 | 01591nam a2200421Ia 4500 | ||
|---|---|---|---|
| 008 | 130821s2002 mx a gr spa | ||
| 020 | _a970613588X | ||
| 040 |
_aCo-BoUCM _bspa |
||
| 041 | 0 | 0 | _aspa |
| 100 | 1 |
_aHeld, David _958461 |
|
| 245 | 1 | 0 |
_aTransformaciones globales Política, economía y cultura _cDavid Held... [et. al] |
| 260 |
_aMéxico D.F. (México) _bOxford University _c2002 |
||
| 300 |
_alxviii, 648 páginas _bilustraciones, cuadros, tablas |
||
| 500 | _aEjemplar 3 Donación Dr. Guillermo Galán. | ||
| 504 | _aIncluye bibliografía e índice analítico. | ||
| 650 | 0 | 4 |
_aComercio internacional _911207 |
| 650 | 0 | 4 |
_aComercio _911192 |
| 650 | 0 | 4 |
_aCooperación internacional _911969 |
| 650 | 0 | 4 |
_aEconomía internacional _97543 |
| 650 | 0 | 4 |
_aEmigración e inmigración _914050 |
| 650 | 0 | 4 |
_aFinanzas internacionales _915897 |
| 650 | 0 | 4 |
_aGeopolítica _9215 |
| 650 | 0 | 4 |
_aGlobalización _9216 |
| 650 | 0 | 4 |
_aLibre comercio _918500 |
| 650 | 0 | 4 |
_aOrganización internacional _920857 |
| 650 | 0 | 4 |
_aPolítica internacional _921990 |
| 650 | 0 | 4 |
_aRelaciones internacionales y cultura _923459 |
| 650 | 0 | 4 |
_aRelaciones internacionales _98042 |
| 650 | 0 | 4 |
_aSeguridad internacional _924104 |
| 700 | 1 |
_aGoldblatt, David _9154389 |
|
| 700 | 1 |
_aMcGrew, Anthony _9154390 |
|
| 700 | 1 |
_aPerraton, Jonathan _9154391 |
|
| 765 | _tGlobal transformations | ||
| 830 |
_aBibliografía Básica Medio Universitario. _929597 |
||
| 830 |
_aBibliografía Básica Cátedra Rosarista. _929598 |
||
| 942 |
_cLIBRO _a7 _e1 _mH474t _2DEWEY _h337 |
||
| 999 |
_c33890 _d33890 |
||